Flags by shape - Circle - Statistics

General Stats
  • This quiz has been taken 424 times
    419 since last reset
  • The average score is 10 of 24
Answer Stats
Main colour(s) of circle Answer % Correct
Red Japan
96%
Red Bangladesh
83%
Yellow Palau
76%
Red, Blue South Korea
59%
Blue Brazil
56%
Blue India
56%
White Laos
50%
Orange Niger
50%
Yellow Argentina
40%
White North Korea
40%
Yellow Uruguay
35%
White Tunisia
33%
Yellow Kazakhstan
31%
White, Red or Blue Paraguay
30%
White Belize
29%
Yellow Mongolia
27%
Yellow Macedonia
26%
Red Dominica
23%
Blue Ethiopia
23%
White Taiwan
20%
Yellow Rwanda
19%
White Uganda
19%
Red Grenada
14%
Yellow Namibia
13%
No matching quizzes found
Score Distribution
Percent of People with Each Score
Percentile by Number Answered
Your Score History
You have not taken this quiz since the last reset